|
|
|
|
| LEADER |
01305nam a2200361 a 4500 |
| 001 |
EBC3327991 |
| 003 |
MiAaPQ |
| 005 |
20200520144314.0 |
| 006 |
m o d | |
| 007 |
cr cn||||||||| |
| 008 |
100930s2011 mauad sb 001 0 eng d |
| 010 |
|
|
|z 2010041127
|
| 020 |
|
|
|z 9781558442115
|
| 020 |
|
|
|a 9781558442634 (electronic bk.)
|
| 035 |
|
|
|a (MiAaPQ)EBC3327991
|
| 035 |
|
|
|a (Au-PeEL)EBL3327991
|
| 035 |
|
|
|a (CaPaEBR)ebr10701592
|
| 035 |
|
|
|a (OCoLC)929118944
|
| 040 |
|
|
|a MiAaPQ
|c MiAaPQ
|d MiAaPQ
|
| 043 |
|
|
|a a-cc---
|
| 050 |
|
4 |
|a HD7368.A3
|b D563 2011
|
| 082 |
0 |
4 |
|a 363.5/5610951
|2 22
|
| 245 |
0 |
0 |
|a China's housing reform and outcomes
|h [electronic resource] /
|c edited by Joyce Yanyun Man.
|
| 260 |
|
|
|a Cambridge, Mass. :
|b Lincoln Institute of Land Policy,
|c c2011.
|
| 300 |
|
|
|a xii, 260 p. :
|b ill.
|
| 504 |
|
|
|a Includes bibliographical references and index.
|
| 533 |
|
|
|a Electronic reproduction. Ann Arbor, MI : ProQuest, 2015. Available via World Wide Web. Access may be limited to ProQuest affiliated libraries.
|
| 650 |
|
0 |
|a Housing policy
|z China.
|
| 650 |
|
0 |
|a Housing
|z China.
|
| 655 |
|
4 |
|a Electronic books.
|
| 700 |
1 |
|
|a Man, Joyce Y.
|
| 710 |
2 |
|
|a ProQuest (Firm)
|
| 856 |
4 |
0 |
|u https://ebookcentral.proquest.com/lib/matrademy/detail.action?docID=3327991
|z Click to View
|